[Event "POL-Cup blind"]
[Site "Dzwirzyno"]
[Date "2019.09.04"]
[Round "4"]
[White "Jagiello, Jerzy"]
[Black "Tryjanska, Emilia"]
[Result "0-1"]
[WhiteElo "1557"]
[BlackElo "1261"]
[PlyCount "105"]
[EventDate "2019.09.02"]
[EventType "swiss"]
[EventRounds "9"]
[EventCountry "POL"]
[SourceTitle "EXT 2020"]
[Source "ChessBase"]
[SourceDate "2019.10.17"]
[SourceVersion "1"]
[SourceVersionDate "2019.10.17"]
[SourceQuality "1"]

1. e4 e5 2. Nf3 Nc6 3. Bc4 Nf6 4. d3 Be7 5. c3 0-0 6. h3 d6 7. a3 Na5 8. Ba2 c5 9. b4 Nc6 10. 0-0 b6 11. Nh2 d5 12. exd5 Nxd5 13. Qf3 Be6 14. c4 Nf6 15. Bb2 Nd4 16. Bxd4 Qxd4 17. Nd2 cxb4 18. Nb3 Qd6 19. axb4 Qxb4 20. Rad1 Rad8 21. Nd2 b5 22. Bb1 bxc4 23. Nxc4 Bxc4 24. dxc4 Qxc4 25. Qb7 Rxd1 26. Rxd1 Bc5 27. Nf1 Qb4 28. Qxb4 Bxb4 29. Ne3 g6 30. Nc4 Re8 31. Ba2 Re6 32. Rb1 Bc5 33. Na5 Ra6 34. Rb5 Bb6 35. Nc4 Rxa2 36. Nxb6 axb6 37. Rxb6 Ne4 38. f3 Ra1+ 39. Kh2 Ng5 40. Rb5 Ra2 41. Kg3 Re2 42. Rb8+ Kg7 43. Re8 e4 44. fxe4 Rxe4 45. Rxe4 Nxe4+ 46. Kf4 f5 47. g4 fxg4 48. hxg4 Nf2 49. g5 Nh3+ 50. Kg4 Nxg5 51. Kxg5 h6+ 52. Kg4 Kf6 53. Kh4 0-1

[Event "POL-ch blind"]
[Site "Ustron"]
[Date "2019.03.18"]
[Round "9"]
[White "Jagiello, Jerzy"]
[Black "Kopiec, Miroslaw"]
[Result "0-1"]
[WhiteElo "1569"]
[BlackElo "1754"]
[PlyCount "72"]
[EventDate "2019.03.11"]
[EventType "swiss"]
[EventRounds "9"]
[EventCountry "POL"]
[SourceTitle "EXT 2020"]
[Source "ChessBase"]
[SourceDate "2019.10.17"]
[SourceVersion "1"]
[SourceVersionDate "2019.10.17"]
[SourceQuality "1"]

1. e4 c5 2. Nf3 Nc6 3. Nc3 g6 4. d4 cxd4 5. Nxd4 Bg7 6. Be3 a6 7. Bc4 e6 8. Bb3 Nge7 9. Nce2 0-0 10. c3 Na5 11. Bc2 Nc4 12. Bc1 b5 13. b3 Nb6 14. Bg5 h6 15. Bh4 Qe8 16. f4 Bb7 17. Qd3 f5 18. exf5 exf5 19. Nf3 Be4 20. Qd6 Nec8 21. Qd2 Bxc2 22. Qxc2 Nd5 23. 0-0-0 Ne3 24. Qd3 Nxd1 25. Rxd1 Nb6 26. Re1 Qe4 27. Qd6 Qe6 28. Qd3 Rac8 29. Ned4 Qd6 30. g3 Rfe8 31. Rd1 Qc7 32. Kb2 Re4 33. Ne5 Bxe5 34. fxe5 Qxe5 35. g4 Qxh2+ 36. Rd2 Qxh4 0-1

[Event "POL-ch blind"]
[Site "Ustron"]
[Date "2019.03.17"]
[Round "8"]
[White "Gadzala, Henryk"]
[Black "Jagiello, Jerzy"]
[Result "0-1"]
[WhiteElo "1464"]
[BlackElo "1569"]
[PlyCount "48"]
[EventDate "2019.03.11"]
[EventType "swiss"]
[EventRounds "9"]
[EventCountry "POL"]
[SourceTitle "EXT 2020"]
[Source "ChessBase"]
[SourceDate "2019.10.17"]
[SourceVersion "1"]
[SourceVersionDate "2019.10.17"]
[SourceQuality "1"]

1. d4 e6 2. e3 d5 3. Bd3 Nf6 4. Ne2 a6 5. c4 Bb4+ 6. Bd2 Bxd2+ 7. Qxd2 dxc4 8. Bxc4 0-0 9. 0-0 b5 10. Bd3 Bb7 11. Qc2 Nbd7 12. Nbc3 Rc8 13. Qb1 c5 14. Be4 Nxe4 15. Nxe4 cxd4 16. Nxd4 Nf6 17. Nxf6+ Qxf6 18. b3 Rc5 19. Ne2 Rfc8 20. Rc1 Qg5 21. g3 Qd5 22. e4 Rxc1+ 23. Nxc1 Qd1+ 24. Kg2 Rc2 0-1

[Event "Krynica-ch sf blind"]
[Site "Krynica"]
[Date "2013.03.14"]
[Round "5.9"]
[White "Jagiello, Jerzy"]
[Black "Cebula, Jozef"]
[Result "0-1"]
[WhiteElo "1620"]
[BlackElo "1872"]
[PlyCount "44"]
[EventDate "2013.03.14"]
[EventType "swiss"]
[EventRounds "9"]
[EventCountry "POL"]
[SourceTitle "EXT 2023"]
[Source "ChessBase"]
[SourceDate "2022.10.05"]
[SourceVersion "1"]
[SourceVersionDate "2022.10.05"]
[SourceQuality "1"]

1. f4 d5 2. Nf3 Nc6 3. d3 Nf6 4. Nbd2 e6 5. e4 Bb4 6. Be2 dxe4 7. dxe4 Nxe4 8. c3 Nxd2 9. cxb4 Nxf3+ 10. Bxf3 Nxb4 11. Qa4+ Nc6 12. Bxc6+ bxc6 13. Qxc6+ Bd7 14. Qc2 0-0 15. 0-0 Rb8 16. Be3 a5 17. b3 Bb5 18. Rfe1 Qf6 19. Qxc7 Rbc8 20. Qxa5 Bc6 21. Bc5 Qf5 22. Bxf8 Qxa5 0-1

[Event "Krynica-ch sf blind"]
[Site "Krynica"]
[Date "2013.03.14"]
[Round "7.9"]
[White "Jagiello, Jerzy"]
[Black "Poswiatowski, Stanislaw"]
[Result "0-1"]
[WhiteElo "1620"]
[BlackElo "1747"]
[PlyCount "34"]
[EventDate "2013.03.14"]
[EventType "swiss"]
[EventRounds "9"]
[EventCountry "POL"]
[SourceTitle "EXT 2023"]
[Source "ChessBase"]
[SourceDate "2022.10.05"]
[SourceVersion "1"]
[SourceVersionDate "2022.10.05"]
[SourceQuality "1"]

1. e4 c6 2. d4 d5 3. e5 Bf5 4. Bd3 Bxd3 5. Qxd3 e6 6. Nf3 Ne7 7. 0-0 Qb6 8. Qb3 Qc7 9. Be3 Nf5 10. Bd2 c5 11. dxc5 Bxc5 12. Ba5 Qxa5 13. Qxb7 0-0 14. c3 Qb6 15. Qxb6 Bxb6 16. Nbd2 Na6 17. h3 h6 0-1

[Event "Rowy op 08"]
[Site "Rowy"]
[Date "2012.08.23"]
[Round "7"]
[White "Jagiello, Jerzy"]
[Black "Skiera, Edward"]
[Result "1/2-1/2"]
[WhiteElo "1601"]
[BlackElo "1526"]
[PlyCount "44"]
[EventDate "2012.08.18"]
[EventType "swiss"]
[EventRounds "9"]
[EventCountry "POL"]
[SourceTitle "EXT 2014"]
[Source "ChessBase"]
[SourceDate "2013.11.20"]
[SourceVersion "1"]
[SourceVersionDate "2013.11.20"]
[SourceQuality "1"]

1. e4 e5 2. Nf3 Nc6 3. Bc4 Bc5 4. d3 h6 5. h3 Nf6 6. 0-0 0-0 7. Re1 d6 8. c3 Be6 9. Bxe6 fxe6 10. Be3 Bxe3 11. Rxe3 Qd7 12. Nbd2 Rf7 13. Nh2 Raf8 14. a3 d5 15. exd5 exd5 16. Rg3 e4 17. dxe4 Nxe4 18. Nxe4 dxe4 19. Qxd7 Rxd7 20. Nf1 Rdf7 21. f3 exf3 22. gxf3 Rxf3 1/2-1/2

[Event "Katy Rybackie op"]
[Site "Katy Rybackie"]
[Date "2009.06.20"]
[Round "8"]
[White "Jagiello, Jerzy"]
[Black "Zatylny, Jan"]
[Result "0-1"]
[WhiteElo "1800"]
[BlackElo "1710"]
[PlyCount "37"]
[EventDate "2009.06.14"]
[EventType "swiss"]
[EventRounds "9"]
[EventCountry "POL"]
[SourceTitle "CBM 131 Extra"]
[Source "ChessBase"]
[SourceDate "2009.09.03"]
[SourceVersion "2"]
[SourceVersionDate "2009.09.16"]
[SourceQuality "1"]

1. e4 e6 2. d4 d5 3. Nc3 c6 4. a3 a6 5. exd5 exd5 6. Nf3 Nf6 7. Bg5 Bd6 8. h3 Bf5 9. Bd3 Bg6 10. Be3 Nbd7 11. 0-0 0-0 12. Re1 Re8 13. Bxg6 hxg6 14. Qd2 Qc7 15. Ne5 Nf8 16. Ng4 Ne4 17. Nxe4 Rxe4 18. f3 Ree8 19. f4 0-1

[Event "POL-ch blind 23rd"]
[Site "Muszyna"]
[Date "1991.10.07"]
[Round "5"]
[White "Jagiello, Jerzy"]
[Black "Tatarczak, Jan"]
[Result "0-1"]
[WhiteElo "1800"]
[BlackElo "2140"]
[PlyCount "82"]
[EventDate "1991.10.03"]
[EventType "tourn"]
[EventRounds "13"]
[EventCountry "POL"]
[SourceTitle "EXT 2011"]
[Source "ChessBase"]
[SourceDate "2010.11.26"]
[SourceVersion "1"]
[SourceVersionDate "2010.11.26"]
[SourceQuality "1"]

1. e4 c5 2. Nf3 d6 3. d4 cxd4 4. Nxd4 Nf6 5. Nc3 g6 6. Bc4 Bg7 7. Bb3 0-0 8. 0-0 Nc6 9. h3 Nxd4 10. Qxd4 Bd7 11. f4 Bc6 12. Qe3 Nd7 13. a3 Nc5 14. Ba2 Bxc3 15. Qxc3 Nxe4 16. Qe1 Qb6+ 17. Kh2 e6 18. b4 d5 19. Bb2 Rac8 20. c4 dxc4 21. Bxc4 Rfd8 22. Rd1 Rxd1 23. Qxd1 Rd8 24. Qa1 Rd2 25. Bh8 Nf6 26. Rg1 Nh5 27. Qe5 Qd8 28. Bf6 Qxf6 29. Qe3 Qxf4+ 30. Qxf4 Nxf4 31. Bf1 h5 32. Kg3 e5 33. b5 Bd5 34. a4 g5 35. b6 axb6 36. h4 f6 37. hxg5 fxg5 38. Rh1 Kg7 39. Rg1 Kg6 40. Bd3+ Nxd3 41. Kh2 Nf4 0-1